01077nam a22002417a 4500999001500000003000900015008004100024040007100065082001800136100002600154245005100180260003900231300002800270440003100298505027300329650002600602650002000628650002200648700004200670942001600712945000900728952009800737 c8625d8625AR-CdUCM190325b ||||| |||| 00| 0 spa d aMUNICIPALIDAD PROVINCIAL DEL CUSCOcBIBLIOTECA MUNICIPAL DEL CUSCO a305.55 /bC37 aCaudwell, Cristóbal aUna cultura moribunda :bla cultura burguesa / aMéxico D. F. :bGrijalbo,c1970. a153 páginas ;c18 cm. aColección 70.n73924130 aContenido: G. Bernard Shaw: un estudio del superhombre burgués -- T. E. Lawrence: un estudio del heroísmo -- Pacifismo y violencia (un estudio de la moral burguesa) -- Freud: un estudio de la psicología burguesa -- Libertad (un estudio de la ilusión burguesa). aClases sociales92411 aBurguesia92442 aClase media97061 aRomano, Vicente (traducción)924131 2ddccLIBROS aachl 002ddc4070aSHbSHcCARTd2019-03-25g20.00o305.55 / C37pSH0000009316r2019-03-25yLIBROS